[Event "World Youth Open U18 2016"]
[Site "Khanty-Mansiysk RUS"]
[Date "2016.09.23"]
[Round "2.23"]
[White "Wu, Christopher"]
[Black "Georgiev, Todor"]
[Result "1-0"]
[WhiteTitle "FM"]
[WhiteElo "2377"]
[BlackElo "2197"]
[WhiteFideId "2040875"]
[BlackFideId "2916088"]
[EventDate "2016.09.22"]

1. e4 g6 2. d4 Bg7 3. Nc3 c6 4. g3 d5 5. e5 f6 6. f4 Nh6 7. Bg2 O-O 8. Nf3 Bg4
9. h3 Bxf3 10. Bxf3 fxe5 11. fxe5 Nf5 12. Ne2 Qb6 13. O-O Nd7 14. c3 e6 15. Qb3
Qa6 16. Bf4 c5 17. Kf2 cxd4 18. cxd4 g5 19. Be3 Rac8 20. Rfc1 Rxc1 21. Rxc1 h6
22. Rc7 Nb6 23. Kg2 Nc4 24. Bc1 b5 25. Rc5 Rb8 26. Qd3 Nb6 27. Rc6 Re8 28. Bxd5
exd5 29. Qxf5 Qb7 30. Rg6 Rf8 31. Qe6+ Kh7 32. h4 Qc7 33. hxg5 Qc2 34. Rxg7+
Kxg7 35. gxh6+ Kh8 36. Qg4 Qe4+ 37. Qxe4 dxe4 38. Nc3 Rc8 39. Bg5 b4 40. Nxe4
Rc2+ 41. Kf3 Rxb2 42. e6 Nd5 43. e7 Nxe7 44. Bxe7 Rxa2 45. Bxb4 a5 46. Be7 Rh2
47. Bf8 Kg8 48. Bg7 a4 49. d5 Kf7 50. d6 a3 51. Ng5+ Kg8 52. d7 Rd2 53. Ne4 Rd3+
54. Ke2 1-0

[Event "World Youth Open U18 2016"]
[Site "Khanty-Mansiysk RUS"]
[Date "2016.09.23"]
[Round "2.24"]
[White "Vaishali, R"]
[Black "Petrovskis, Olegs"]
[Result "1/2-1/2"]
[WhiteTitle "WIM"]
[WhiteElo "2295"]
[BlackElo "2159"]
[WhiteFideId "5091756"]
[BlackFideId "11603186"]
[EventDate "2016.09.22"]

1. e4 c5 2. Nf3 d6 3. d4 cxd4 4. Nxd4 Nf6 5. Nc3 a6 6. h3 e5 7. Nde2 h5 8. Bg5
Be6 9. Bxf6 Qxf6 10. Nd5 Qd8 11. Nec3 Nd7 12. Bc4 Rc8 13. Bb3 Nc5 14. Qf3 Nxb3
15. axb3 Bxd5 16. Nxd5 Rxc2 17. O-O Be7 18. Rac1 Rc6 19. Rc4 Bg5 20. Rd1 g6 21.
Qc3 Rxc4 22. bxc4 O-O 23. Qb4 Qb8 24. Rd3 Rd8 25. Rb3 Qc8 26. Rg3 Bh4 27. Rc3
Kg7 28. c5 Qe6 29. Qxb7 dxc5 30. Rxc5 Rd7 31. Qc8 Rd6 32. Qb7 Rd7 33. Rc7 Rxc7
34. Qxc7 Bg5 35. b4 h4 36. Qc5 Bd8 37. Kf1 Qd7 38. Kg1 Qa4 39. Kh2 Bg5 40. Qc3
Qe8 41. Qa1 Qe6 42. Kg1 Bd8 43. Kh2 Qd6 44. Kh1 Kg8 45. Qa4 Kg7 46. Qe8 Bg5 47.
Kg1 Bd8 48. Qa4 Qb8 49. Kf1 1/2-1/2

[Event "World Youth Open U18 2016"]
[Site "Khanty-Mansiysk RUS"]
[Date "2016.09.23"]
[Round "2.25"]
[White "Kenenbaev, Aidar"]
[Black "Meunier, Clement2"]
[Result "1/2-1/2"]
[BlackTitle "FM"]
[WhiteElo "2143"]
[BlackElo "2290"]
[WhiteFideId "13801180"]
[BlackFideId "20667930"]
[EventDate "2016.09.22"]

1. Nf3 Nf6 2. g3 c5 3. Bg2 Nc6 4. O-O d5 5. d4 g6 6. c4 dxc4 7. Qa4 Bd7 8. dxc5
Bg7 9. Qxc4 O-O 10. Nc3 Rc8 11. Bf4 Qa5 12. e4 Be6 13. Nd5 Rfd8 14. Rfd1 Bg4 15.
Rac1 b5 16. cxb6 axb6 17. Nxf6+ Bxf6 18. Rxd8+ Nxd8 19. Qd3 Rxc1+ 20. Bxc1 Ne6
21. a3 Kg7 22. h3 Bxf3 23. Bxf3 Nc5 24. Qe2 Nb3 25. Be3 Nd4 26. Bxd4 Bxd4 27.
Kg2 Qe5 1/2-1/2

[Event "World Youth Open U18 2016"]
[Site "Khanty-Mansiysk RUS"]
[Date "2016.09.23"]
[Round "2.26"]
[White "Kandil, Adham"]
[Black "Helander, Benjamin"]
[Result "1-0"]
[WhiteTitle "IM"]
[WhiteElo "2277"]
[BlackElo "1892"]
[WhiteFideId "10618490"]
[BlackFideId "514101"]
[EventDate "2016.09.22"]

1. e4 c5 2. Nf3 g6 3. Bc4 Nc6 4. c3 Bg7 5. O-O e6 6. d4 cxd4 7. cxd4 d5 8. exd5
exd5 9. Bb3 Nge7 10. Nc3 O-O 11. Bg5 Be6 12. Re1 h6 13. Bxe7 Nxe7 14. Ne5 Nc6
15. Nxg6 Re8 16. Nf4 Nxd4 17. Bxd5 Bxd5 18. Rxe8+ Qxe8 19. Ncxd5 Qe5 20. Qd2 Re8
21. h3 Ne2+ 22. Kf1 Nxf4 23. Nxf4 Qxb2 24. Qxb2 Bxb2 25. Rb1 Bd4 26. Rxb7 Rc8
27. Nd5 Rc2 28. Ne7+ Kh7 29. f3 Rf2+ 30. Ke1 Rxg2 31. Nf5 Bf6 32. Rxf7+ Kg6 33.
Rg7+ Bxg7 34. Nh4+ Kg5 35. Nxg2 Bd4 36. Ke2 Bb2 37. f4+ Kg6 38. Kf3 1-0

[Event "World Youth Open U18 2016"]
[Site "Khanty-Mansiysk RUS"]
[Date "2016.09.23"]
[Round "2.27"]
[White "Weerasinghe, C C"]
[Black "Rajkovic, Mladen"]
[Result "0-1"]
[WhiteElo "1884"]
[BlackElo "2275"]
[WhiteFideId "9921087"]
[BlackFideId "930660"]
[EventDate "2016.09.22"]

1. d4 Nf6 2. Nf3 g6 3. c4 Bg7 4. Nc3 d5 5. Bf4 dxc4 6. e3 Be6 7. Ng5 Bd5 8. e4
h6 9. exd5 hxg5 10. Bxg5 Nxd5 11. Bxc4 Nb6 12. Be3 Nxc4 13. Qa4+ Qd7 14. Qxc4
Qc6 15. Qb5 Rh5 16. Qxc6+ Nxc6 17. Rd1 O-O-O 18. Ne2 Rhd5 19. g4 Nxd4 20. Nxd4
Bxd4 21. Bxd4 Rxd4 22. Rxd4 Rxd4 23. Rg1 g5 24. Ke2 c5 25. Ke3 Kd7 26. f3 Ke6
27. Rh1 Rb4 28. b3 c4 29. bxc4 Rxc4 30. h4 gxh4 31. Rxh4 Rc3+ 32. Kf4 Rc2 33.
Rh1 Rxa2 0-1

[Event "World Youth Open U18 2016"]
[Site "Khanty-Mansiysk RUS"]
[Date "2016.09.23"]
[Round "2.28"]
[White "Kalogeris, Ioannis"]
[Black "Nguyen, Hoang Duc"]
[Result "0-1"]
[WhiteElo "2271"]
[BlackElo "1874"]
[WhiteFideId "4239563"]
[BlackFideId "12403865"]
[EventDate "2016.09.22"]

1. d4 Nf6 2. g3 g6 3. Bg2 Bg7 4. Nf3 O-O 5. O-O d6 6. b3 c6 7. Bb2 Qa5 8. Nbd2
Qh5 9. h4 Bg4 10. Re1 Nbd7 11. Nc4 Ne4 12. Nh2 f5 13. f3 Nxg3 14. fxg4 Qxh4 15.
gxf5 d5 16. Nf3 Qh5 17. Na5 Rxf5 18. Nh2 Qh4 19. Nf3 Qh6 20. Bc1 g5 21. Qd3 Raf8
22. Nh2 Qh4 23. Nf3 Qg4 24. c3 Ne4 25. Nh2 Qh4 26. Be3 g4 27. Bxe4 g3 28. Nf3
Rxf3 29. exf3 Qh2+ 30. Kf1 dxe4 31. Qxe4 g2+ 32. Ke2 g1=Q+ 0-1

[Event "World Youth Open U18 2016"]
[Site "Khanty-Mansiysk RUS"]
[Date "2016.09.23"]
[Round "2.29"]
[White "Roos, Lucas"]
[Black "Krishna Teja, N"]
[Result "0-1"]
[BlackTitle "IM"]
[WhiteElo "1830"]
[BlackElo "2268"]
[WhiteFideId "14308673"]
[BlackFideId "5001498"]
[EventDate "2016.09.22"]

1. e4 c5 2. Nc3 Nc6 3. Nge2 e5 4. Nd5 g6 5. Nec3 Bg7 6. Nb5 Kf8 7. Nd6 Nf6 8.
Bc4 Na5 9. d3 Nxc4 10. dxc4 Ne8 11. Be3 b6 12. Nxe8 Kxe8 13. h4 h6 14. Qf3 d6
15. g4 f6 16. h5 g5 17. O-O-O Kf7 18. Rd3 Qd7 19. Bxg5 hxg5 20. h6 Qxg4 21. hxg7
Rxh1+ 22. Qxh1 Kxg7 23. Nc7 Bb7 24. Nxa8 Bxe4 25. f3 Qf4+ 26. Kb1 Bxa8 27. Rxd6
Qh4 28. Rd7+ Kg6 29. Qd1 Qxc4 30. b3 Qf4 31. Rxa7 Qxf3 32. Qd7 Qh1+ 33. Kb2 Bd5
34. c4 Be4 35. Qe8+ Kf5 36. Rf7 Qb1+ 37. Ka3 Qc1+ 38. Ka4 Qd2 39. Qc8+ Kg6 40.
Qg8+ Kh5 41. Rh7+ Kg4 42. Qe6+ Bf5 43. Qxb6 Qxa2+ 44. Kb5 0-1

[Event "World Youth Open U18 2016"]
[Site "Khanty-Mansiysk RUS"]
[Date "2016.09.23"]
[Round "2.30"]
[White "Patrascu, Catalin-Lucian"]
[Black "Yoshida, Haruki"]
[Result "1-0"]
[WhiteTitle "FM"]
[WhiteElo "2263"]
[BlackElo "1750"]
[WhiteFideId "1229052"]
[BlackFideId "7002076"]
[EventDate "2016.09.22"]

1. c4 Nf6 2. Nf3 e6 3. Nc3 Bb4 4. Qc2 b6 5. e3 Bb7 6. Be2 O-O 7. O-O d5 8. a3
Bxc3 9. Qxc3 c5 10. b3 Nbd7 11. Bb2 Qc7 12. Rac1 a5 13. d3 Rfe8 14. Nd2 e5 15.
cxd5 Nxd5 16. Qc2 Re6 17. Bf3 Rh6 18. h3 Qd8 19. Rfe1 Qe7 20. d4 Re8 21. Qd1 Re6
22. dxe5 Nxe5 23. Bxe5 Rxe5 24. Nc4 Rg5 25. h4 Rf5 26. e4 Rxf3 27. exd5 Qxe1+
28. Qxe1 Rxe1+ 29. Rxe1 g6 30. Re8+ Kg7 31. gxf3 Bxd5 32. Rb8 Bxf3 33. Rxb6 1-0

[Event "World Youth Open U18 2016"]
[Site "Khanty-Mansiysk RUS"]
[Date "2016.09.23"]
[Round "2.32"]
[White "Shih, Yu-An"]
[Black "Sadubayev, Airat"]
[Result "0-1"]
[WhiteElo "1493"]
[BlackElo "2231"]
[WhiteFideId "16300645"]
[BlackFideId "13713264"]
[EventDate "2016.09.22"]

1. e4 c5 2. Nc3 Nc6 3. g3 g6 4. Bg2 Bg7 5. d3 d6 6. Be3 Rb8 7. Qd2 b5 8. f4 b4
9. Nd1 e6 10. Nf3 Nd4 11. O-O Ne7 12. c3 bxc3 13. bxc3 Nxf3+ 14. Bxf3 O-O 15.
Nf2 Qa5 16. Rfc1 Ba6 17. Rc2 Rfc8 18. Rac1 Qa3 19. Kg2 Bb5 20. Qe1 Ba4 21. Re2
Rb6 22. d4 Nc6 23. dxc5 dxc5 24. e5 Na5 25. Ne4 Nc4 26. Bf2 Bf8 27. Rb1 Rd8 28.
Qc1 Rxb1 29. Qxb1 Bd1 30. Re1 Bxf3+ 31. Kxf3 Nd2+ 32. Nxd2 Rxd2 33. Re2 Qxc3+
34. Re3 Qd4 35. g4 Qd5+ 36. Kg3 c4 37. Rc3 a6 38. Qf1 Rd3+ 39. Rxd3 cxd3 40. Be1
d2 0-1

[Event "World Youth Open U18 2016"]
[Site "Khanty-Mansiysk RUS"]
[Date "2016.09.24"]
[Round "3.5"]
[White "Zakaryan, David"]
[Black "Bellahcene, Bilel"]
[Result "1/2-1/2"]
[WhiteTitle "FM"]
[BlackTitle "IM"]
[WhiteElo "2377"]
[BlackElo "2483"]
[WhiteFideId "24101923"]
[BlackFideId "696358"]
[EventDate "2016.09.22"]

1. e4 c5 2. Nf3 d6 3. d4 cxd4 4. Qxd4 Nf6 5. Bg5 Bd7 6. Nc3 Nc6 7. Qd2 h6 8. Bh4
g5 9. Bg3 Nh5 10. O-O-O Bg7 11. Bc4 Nxg3 12. hxg3 Qa5 13. Nd5 Rc8 14. Bb3 Qc5
15. Kb1 Na5 16. Nd4 Qxd4 17. Qxd4 Bxd4 18. Rxd4 Nxb3 19. axb3 Bc6 20. Ne3 Bd7
21. g4 f6 22. b4 a6 23. c3 Be6 24. Kc2 Kf7 25. Nf5 Rh7 26. Rd3 Rch8 27. Rdh3 Kg6
28. Rd1 Kf7 29. Rdh1 Kg6 30. Rd1 1/2-1/2

[Event "World Youth Open U18 2016"]
[Site "Khanty-Mansiysk RUS"]
[Date "2016.09.24"]
[Round "3.6"]
[White "Lorparizangeneh, Shahin"]
[Black "Timerkhanov, Alexander"]
[Result "1-0"]
[WhiteTitle "IM"]
[BlackTitle "FM"]
[WhiteElo "2478"]
[BlackElo "2340"]
[WhiteFideId "12521604"]
[BlackFideId "24177938"]
[EventDate "2016.09.22"]

1. Nf3 d5 2. g3 Bg4 3. Bg2 c6 4. c4 e6 5. O-O Nd7 6. cxd5 exd5 7. h3 Bh5 8. d3
Ngf6 9. Nc3 Bc5 10. e4 dxe4 11. dxe4 Bxf3 12. Qxf3 Ne5 13. Qf5 Qe7 14. Kh2 Qe6
15. Qxe6+ fxe6 16. f4 Nd3 17. e5 Nd5 18. Ne4 Be7 19. Bd2 Rd8 20. Ba5 Rd7 21.
Rab1 h5 22. Rf3 Nc5 23. Nf2 O-O 24. h4 g6 25. Be1 Kf7 26. b4 Na4 27. Ne4 Nab6
28. Bh3 Nc4 29. Bf2 Nc7 30. Ng5+ Bxg5 31. fxg5+ Kg7 32. Rxf8 Kxf8 33. Bxa7 Rd2+
34. Kh1 Rxa2 35. Rf1+ Kg7 36. Bb8 Nd5 37. Bxe6 Nce3 38. Re1 Ra3 39. Bd6 Rd3 40.
Bc8 Nc4 41. Bxb7 Nxd6 42. exd6 Nxb4 43. Re7+ Kf8 44. Re6 Kf7 45. Rf6+ Kg7 46.
Kg2 Nd5 47. Rf3 Rd2+ 48. Rf2 Ne3+ 49. Kf3 Rxf2+ 50. Kxf2 Ng4+ 51. Kf3 Kf7 52.
Kf4 Ke6 53. Bc8+ Kxd6 54. Bxg4 hxg4 55. Kxg4 c5 56. Kf4 Kd5 57. Ke3 c4 58. g4 c3
59. Kd3 1-0

[Event "World Youth Open U18 2016"]
[Site "Khanty-Mansiysk RUS"]
[Date "2016.09.24"]
[Round "3.7"]
[White "Thybo, Jesper Sondergaard"]
[Black "Sanal, Vahap"]
[Result "1/2-1/2"]
[WhiteTitle "FM"]
[BlackTitle "IM"]
[WhiteElo "2358"]
[BlackElo "2477"]
[WhiteFideId "1438832"]
[BlackFideId "6300545"]
[EventDate "2016.09.22"]

1. e4 e5 2. Nf3 Nc6 3. Nc3 Nf6 4. Bb5 Bd6 5. O-O O-O 6. d3 h6 7. Re1 Re8 8. a3
a6 9. Bc4 Bc5 10. Nd5 d6 11. Be3 Be6 12. h3 Bxe3 13. fxe3 Nb8 14. Nxf6+ Qxf6 15.
Bxe6 Qxe6 16. Rf1 Nd7 17. Nh4 g6 18. Qf3 c5 19. Rf2 Re7 20. Raf1 Kh7 21. Qg3 Rg8
22. Rf3 Rg7 23. Qf2 b5 24. g4 Kg8 25. Rg3 c4 26. Kh2 cxd3 27. Nf5 dxc2 28. Nxe7+
Qxe7 29. Qxc2 Nc5 30. b4 Ne6 31. Qc8+ Kh7 32. Qxa6 Qc7 33. Qxb5 Qc2+ 34. Rg2
Qxe4 35. Qe2 Qa8 36. Qa2 Ng5 37. Rgf2 Qa7 38. h4 Ne6 39. Qb3 Qe7 40. Kh3 Qd7 41.
Rf6 h5 42. Qd1 Kg8 43. Kh2 hxg4 44. Qxg4 d5 45. Qg3 Rh7 46. Kg1 d4 47. Qxe5 dxe3
48. Qxe3 Rxh4 49. R1f2 Qd5 50. R2f3 Re4 51. Qf2 Rg4+ 52. Rg3 Nf4 53. Qxf4 Rxf4
54. Rxf4 Qd1+ 55. Kg2 Qd2+ 56. Rf2 Qd5+ 57. Rgf3 Qg5+ 58. Rg3 Qd5+ 59. Rff3 Qd2+
60. Rf2 1/2-1/2

[Event "World Youth Open U18 2016"]
[Site "Khanty-Mansiysk RUS"]
[Date "2016.09.24"]
[Round "3.8"]
[White "Jarmula, Lukasz"]
[Black "Rajdeep, Sarkar"]
[Result "1-0"]
[WhiteTitle "IM"]
[BlackTitle "FM"]
[WhiteElo "2466"]
[BlackElo "2347"]
[WhiteFideId "1160664"]
[BlackFideId "25007963"]
[EventDate "2016.09.22"]

1. e4 e5 2. Nf3 Nc6 3. Bc4 Nf6 4. Ng5 d5 5. exd5 Na5 6. Bb5+ c6 7. dxc6 bxc6 8.
Bd3 Be7 9. O-O Nd5 10. Nf3 Nf4 11. Nxe5 Qd5 12. Nf3 Nxd3 13. Nc3 Qh5 14. cxd3
O-O 15. Re1 Bd6 16. Ne4 Bc7 17. b4 Nb7 18. Bb2 Bg4 19. h3 Bxf3 20. Qxf3 Qxf3 21.
gxf3 Bf4 22. Bc3 Rfd8 23. d4 Rd5 24. Nc5 Nd6 25. a4 Nf5 26. Re4 g5 27. Nd3 Bd6
28. Ne5 Nh4 29. Nxc6 Nxf3+ 30. Kf1 a6 31. Re3 Nh4 32. Rae1 Kf8 33. Ne5 Bc7 34.
Ng4 Nf5 35. Re4 Rd6 36. d5 Rxd5 37. Nf6 Rdd8 38. Nxh7+ Kg8 39. Nf6+ Kf8 40. Rg4
Nh4 41. Rxg5 Ng6 42. h4 Bf4 43. Rg4 Bxd2 44. Bxd2 Rxd2 45. h5 Rd6 46. Nh7+ Kg7
47. hxg6 Rxg6 48. Ng5 Ra7 49. f4 1-0

[Event "World Youth Open U18 2016"]
[Site "Khanty-Mansiysk RUS"]
[Date "2016.09.24"]
[Round "3.9"]
[White "Toma, Radu-Cristian"]
[Black "Rakotomaharo, Fy Antenaina"]
[Result "0-1"]
[BlackTitle "FM"]
[WhiteElo "2343"]
[BlackElo "2439"]
[WhiteFideId "1217992"]
[BlackFideId "13100050"]
[EventDate "2016.09.22"]

1. Nf3 Nf6 2. d4 e6 3. e3 c5 4. dxc5 Bxc5 5. a3 O-O 6. Nbd2 d5 7. c4 a5 8. Qc2
b6 9. b3 Nc6 10. cxd5 Qxd5 11. Bc4 Qh5 12. Bb2 e5 13. Bb5 Bf5 14. e4 Rac8 15.
exf5 Nb4 16. Qb1 Nc2+ 17. Kf1 Qxf5 18. Bxe5 Rfd8 19. Bg3 Ng4 20. Ba6 Bxf2 21.
Bxf2 Rxd2 0-1

[Event "World Youth Open U18 2016"]
[Site "Khanty-Mansiysk RUS"]
[Date "2016.09.24"]
[Round "3.10"]
[White "Dragnev, Valentin"]
[Black "Bayramov, Zaur"]
[Result "1-0"]
[WhiteTitle "IM"]
[WhiteElo "2430"]
[BlackElo "2297"]
[WhiteFideId "1634852"]
[BlackFideId "13405080"]
[EventDate "2016.09.22"]

1. e4 g6 2. d4 Bg7 3. Nf3 c6 4. Nc3 d6 5. Bc4 Nf6 6. Bb3 Bg4 7. e5 dxe5 8. Bxf7+
Kf8 9. Bb3 Bxf3 10. Qxf3 exd4 11. Ne2 e5 12. Ng3 Nd7 13. Ne4 Ke7 14. Ng5 Nc5 15.
Nf7 Qc7 16. Nxh8 Rxh8 17. O-O Nxb3 18. axb3 b6 19. Re1 Rd8 20. Bf4 Nh5 21. Qe4
Nxf4 22. Qxf4 a5 23. Rad1 c5 24. Qh4+ Kf7 25. Rd3 Kg8 26. Rh3 Bh8 27. f4 Rd7 28.
Qg4 Re7 29. fxe5 Bxe5 1-0

[Event "World Youth Open U18 2016"]
[Site "Khanty-Mansiysk RUS"]
[Date "2016.09.24"]
[Round "3.11"]
[White "Vogel, Roven"]
[Black "Sukovic, Andrej"]
[Result "1/2-1/2"]
[WhiteTitle "IM"]
[WhiteElo "2415"]
[BlackElo "2114"]
[WhiteFideId "12908088"]
[BlackFideId "16502310"]
[EventDate "2016.09.22"]

1. Nf3 Nf6 2. c4 g6 3. Nc3 Bg7 4. d4 O-O 5. g3 d6 6. Bg2 Nc6 7. O-O a6 8. b3 Rb8
9. Nd5 Nxd5 10. cxd5 Na7 11. Bb2 Bf5 12. Nh4 Bd7 13. Qd2 c6 14. dxc6 Nxc6 15. d5
Qa5 16. Qxa5 Nxa5 17. Bxg7 Kxg7 18. Nf3 Rfc8 19. Nd4 Rc3 20. Rfc1 Rbc8 21. Rxc3
Rxc3 22. Kf1 e5 23. dxe6 fxe6 24. Rd1 e5 25. Nf3 Rc2 26. Rd2 Rxd2 27. Nxd2 Kf6
28. Bd5 Nc6 29. f3 b5 30. a3 Nd8 31. b4 Bc6 32. Ne4+ Ke7 33. Nc3 Bxd5 34. Nxd5+
Ke6 35. Nc7+ Kd7 36. Nd5 Ke6 37. Nc7+ 1/2-1/2

[Event "World Youth Open U18 2016"]
[Site "Khanty-Mansiysk RUS"]
[Date "2016.09.24"]
[Round "3.12"]
[White "Song, Michael"]
[Black "Rahman, Adel"]
[Result "0-1"]
[WhiteTitle "FM"]
[BlackTitle "FM"]
[WhiteElo "2413"]
[BlackElo "2324"]
[WhiteFideId "2613190"]
[BlackFideId "14204177"]
[EventDate "2016.09.22"]

1. e4 c5 2. Nf3 d6 3. d4 cxd4 4. Nxd4 Nf6 5. Nc3 a6 6. h3 e6 7. g4 Nfd7 8. Bg2
Be7 9. g5 b5 10. f4 Bb7 11. O-O Nc6 12. Nf3 Qb6+ 13. Kh1 h6 14. g6 fxg6 15. f5
gxf5 16. exf5 b4 17. Ne4 exf5 18. Nxd6+ Bxd6 19. Qxd6 O-O-O 20. Qg6 Ne7 21. Qxg7
Rhg8 22. Qxe7 Rxg2 23. Be3 Qg6 24. Qxb4 Rxc2 25. Rf2 Bxf3+ 0-1

[Event "World Youth Open U18 2016"]
[Site "Khanty-Mansiysk RUS"]
[Date "2016.09.24"]
[Round "3.13"]
[White "Escalante Ramirez, Brian Sebasti"]
[Black "Plenca, Jadranko"]
[Result "1/2-1/2"]
[WhiteTitle "FM"]
[BlackTitle "FM"]
[WhiteElo "2302"]
[BlackElo "2396"]
[WhiteFideId "3819566"]
[BlackFideId "14527146"]
[EventDate "2016.09.22"]

1. e4 e5 2. Nf3 Nc6 3. Bb5 a6 4. Ba4 Nf6 5. O-O Be7 6. Re1 b5 7. Bb3 d6 8. c3
O-O 9. h3 Nb8 10. d4 Nbd7 11. Nbd2 Bb7 12. Bc2 Re8 13. a4 Bf8 14. Bd3 c6 15. b3
g6 16. Bb2 Nh5 17. Qc2 Bg7 18. Bf1 Qc7 19. Rab1 bxa4 20. bxa4 d5 21. dxe5 Nxe5
22. Nxe5 Bxe5 23. c4 dxe4 24. c5 Bxb2 25. Qxb2 e3 26. fxe3 1/2-1/2

[Event "World Youth Open U18 2016"]
[Site "Khanty-Mansiysk RUS"]
[Date "2016.09.24"]
[Round "3.14"]
[White "Sadubayev, Airat"]
[Black "Wu, Christopher"]
[Result "1/2-1/2"]
[BlackTitle "FM"]
[WhiteElo "2231"]
[BlackElo "2377"]
[WhiteFideId "13713264"]
[BlackFideId "2040875"]
[EventDate "2016.09.22"]

1. e4 c5 2. Nf3 d6 3. d4 cxd4 4. Nxd4 Nf6 5. Nc3 a6 6. h3 e5 7. Nde2 h5 8. Bg5
Be7 9. Bxf6 Bxf6 10. Nd5 Bg5 11. Nec3 Be6 12. Bc4 Nc6 13. a4 Rc8 14. Ba2 g6 15.
O-O O-O 16. Qd3 Kg7 17. Kh1 Bh6 18. f4 exf4 19. Nxf4 Bxa2 20. Nxa2 Ne5 21. Qe2
Qb6 22. c3 a5 23. Nd5 Qd8 24. Nc1 Qh4 25. Nd3 Rce8 26. N3f4 Nd7 27. Rae1 Nc5 28.
Qc4 f5 29. e5 Ne4 30. e6 Bxf4 31. Nxf4 Ng3+ 32. Kh2 Nxf1+ 33. Rxf1 Rc8 34. Qd3
Kh7 35. Nd5 Rce8 36. Rf4 Qg5 37. Qe3 h4 38. e7 Rf7 39. Qe1 Kg7 40. Qxh4 Qxh4 41.
Rxh4 f4 42. g3 Rf5 43. c4 Rxd5 44. cxd5 Rxe7 45. Rxf4 Re2+ 46. Kg1 Rxb2 47. Re4
Rb4 48. Re6 Rxa4 49. Re7+ Kf6 50. Rxb7 Rb4 51. Ra7 Rb5 52. Kf2 Rxd5 53. Ke3 Rb5
54. h4 Kf5 55. Rf7+ Ke5 56. Re7+ Kf6 57. Ra7 Rb3+ 58. Kf4 Rb4+ 59. Kf3 a4 60.
Ra5 Rb3+ 61. Kf4 Rb4+ 62. Kf3 Ke6 63. g4 d5 64. h5 gxh5 65. gxh5 Rh4 66. h6 a3
67. Ke2 Rh2+ 68. Kf3 Ke5 69. Ra6 a2 70. Ke3 1/2-1/2

[Event "World Youth Open U18 2016"]
[Site "Khanty-Mansiysk RUS"]
[Date "2016.09.24"]
[Round "3.15"]
[White "Khusenkhojaev, Mustafokhuja"]
[Black "Huber, Martin Christian"]
[Result "1/2-1/2"]
[BlackTitle "FM"]
[WhiteElo "2212"]
[BlackElo "2356"]
[WhiteFideId "14700727"]
[BlackFideId "1623435"]
[EventDate "2016.09.22"]

1. d4 Nf6 2. c4 g6 3. Nc3 d5 4. cxd5 Nxd5 5. e4 Nxc3 6. bxc3 Bg7 7. Nf3 c5 8.
Rb1 O-O 9. Be2 b6 10. O-O Qc7 11. Bd2 e6 12. Qc1 Bb7 13. Bf4 Qe7 14. Qe3 Nd7 15.
e5 cxd4 16. cxd4 Rfc8 17. Rfc1 Bf8 18. Bg5 Qa3 19. Bb5 Qxe3 20. Bxe3 Nb8 21.
Rxc8 Bxc8 22. Rc1 Na6 23. Ng5 Ba3 24. Rc3 Be7 25. Ne4 Nb4 26. Bg5 Bxg5 27. Nxg5
Nd5 28. Rf3 a6 29. Be8 Nc7 30. Bc6 Ra7 31. Rxf7 h6 1/2-1/2

[Event "World Youth Open U18 2016"]
[Site "Khanty-Mansiysk RUS"]
[Date "2016.09.24"]
[Round "3.16"]
[White "Erenberg, Ariel"]
[Black "Akhvlediani, Irakli"]
[Result "0-1"]
[WhiteTitle "FM"]
[WhiteElo "2350"]
[BlackElo "2205"]
[WhiteFideId "2811634"]
[BlackFideId "13601938"]
[EventDate "2016.09.22"]

1. e4 c6 2. d4 d5 3. Nd2 dxe4 4. Nxe4 Bf5 5. Ng3 Bg6 6. h4 h6 7. Nf3 Nf6 8. h5
Bh7 9. Bd3 Bxd3 10. Qxd3 e6 11. Bf4 Qa5+ 12. c3 Nbd7 13. Qe2 Be7 14. Ne5 O-O 15.
O-O Rad8 16. Rfd1 Nxe5 17. Bxe5 Nd7 18. Bf4 Nf6 19. Be5 Nd7 20. b4 Qa6 21. Qxa6
bxa6 22. Bc7 Rc8 23. Ba5 Nf6 24. Re1 Rb8 0-1

[Event "World Youth Open U18 2016"]
[Site "Khanty-Mansiysk RUS"]
[Date "2016.09.24"]
[Round "3.17"]
[White "Gretz, Denis"]
[Black "Gong, Patrick"]
[Result "0-1"]
[WhiteElo "2339"]
[BlackElo "2143"]
[WhiteFideId "12945188"]
[BlackFideId "3222500"]
[EventDate "2016.09.22"]

1. e4 d6 2. d4 Nf6 3. Nc3 g6 4. Be3 a6 5. a4 b6 6. g3 Bb7 7. Bg2 Nbd7 8. Nge2 e5
9. O-O Bg7 10. d5 Qe7 11. h3 h5 12. Qd2 Ng8 13. a5 f5 14. axb6 Nxb6 15. Qd3 Bc8
16. exf5 gxf5 17. Rfe1 Nf6 18. Nd4 e4 19. Qd1 O-O 20. Bf1 Qf7 21. Ra5 Kh8 22. f3
Qg6 23. Kh2 h4 24. g4 fxg4 25. fxg4 Bxg4 26. Be2 Bxe2 27. Ndxe2 Nc4 0-1

[Event "World Youth Open U18 2016"]
[Site "Khanty-Mansiysk RUS"]
[Date "2016.09.24"]
[Round "3.18"]
[White "Vergara Jofre, Felipe"]
[Black "Kandil, Adham"]
[Result "1-0"]
[BlackTitle "IM"]
[WhiteElo "2115"]
[BlackElo "2277"]
[WhiteFideId "3416291"]
[BlackFideId "10618490"]
[EventDate "2016.09.22"]

1. e4 c5 2. Nf3 d6 3. d4 cxd4 4. Nxd4 Nf6 5. Nc3 a6 6. Be2 e5 7. Nb3 Be7 8. O-O
O-O 9. Be3 Be6 10. Nd5 Nxe4 11. Bb6 Qd7 12. Nc7 Nc6 13. Nxa8 Rxa8 14. f3 Nf6 15.
c4 Rc8 16. Qd2 d5 17. cxd5 Nxd5 18. Nc5 Qe8 19. Nxe6 Nxb6 20. Ng5 1-0

[Event "World Youth Open U18 2016"]
[Site "Khanty-Mansiysk RUS"]
[Date "2016.09.24"]
[Round "3.19"]
[White "Rajkovic, Mladen"]
[Black "Kolver, Chris"]
[Result "1-0"]
[BlackTitle "CM"]
[WhiteElo "2275"]
[BlackElo "1991"]
[WhiteFideId "930660"]
[BlackFideId "14307820"]
[EventDate "2016.09.22"]

1. e4 c5 2. Nc3 Nc6 3. f4 g6 4. Nf3 Bg7 5. g4 d6 6. h3 h5 7. g5 e5 8. Bc4 Nge7
9. d3 O-O 10. f5 gxf5 11. Nh4 Na5 12. Bd5 Be6 13. Bxe6 fxe6 14. Qxh5 f4 15. Nd1
Qe8 16. g6 Rf6 17. Rg1 c4 18. Nf2 Kf8 19. Ng4 Rxg6 20. Nxg6+ Qxg6 21. Qxg6 Nxg6
22. Bd2 Nc6 23. dxc4 Nd4 24. Kd1 Rc8 25. b3 Kf7 26. Rf1 Nh4 27. Nh2 Bf6 28. c3
Nc6 29. Ke2 Ne7 30. Nf3 Nhg6 31. Be1 d5 32. Nd2 b5 33. Bf2 bxc4 34. bxc4 d4 35.
Kd3 Nc6 36. Nf3 Na5 37. cxd4 exd4 38. Bxd4 Bxd4 39. Kxd4 Rxc4+ 40. Kd3 Ra4 41.
Rfc1 Kf6 42. Rc7 Ra3+ 43. Rc3 Ra4 44. a3 Nb7 45. Re1 Ra5 46. h4 Nc5+ 47. Kc2 Nd7
48. Rh1 Rh5 49. Rc7 Nde5 50. Ng5 Ne7 51. Rxa7 N7c6 52. Nh7+ Kg6 53. Rg1+ Kh6 54.
Rag7 Nd4+ 55. Kb1 1-0